Elementos químicos mais abundantes da Terra - Statistics

Estatísticas Gerais
  • Esse quiz foi jogado 53 vezes
  • A pontuação média é 6 de 10
Estatísticas das Respostas
Terra inteira Crosta Corpo humano Elemento % Correto
30% 46% 61,35% Oxigênio
98%
35% 6% <1% Ferro
81%
<1% 2,3% <1% Potássio
67%
<1% 2,1% <1% Sódio
60%
1,1% 2,4% 1,42% Cálcio
58%
13% 4% <1% Magnésio
56%
1,1% 8% Traço Alumínio
48%
1,9% <1% <1% Enxofre
46%
2,4% Traço Traço Níquel
46%
15% 28% <1% Silício
35%
Nenhum quiz correspondente encontrado
Distribuição das Pontuações
Porcentagem de Pessoas com Cada Pontuação
Percentil de Números Respondidos
Sua Pontuação Histórica
Você não jogou esse quiz